000 00607nam a2200145Ia 4500
008 090124s9999 xx 000 0 und d
082 _b206626
245 _a राजभाषा हिन्दी : समस्याएँ एवं समाधान
250 _a1
260 _bस्वाधीन शशि नारायण
_c2004
300 _a168
630 _a राजभाषा हिन्दी : समस्याएँ एवं समाधान
730 _a राजभाषा हिन्दी : समस्याएँ एवं समाधान
942 _cBOOK
999 _c188242
_d188242